[Event "AXL Abertura da Época 2011/2012"]
[Site "?"]
[Date "2011.11.22"]
[Round "6.4"]
[White "Rodrigues, Afonso"]
[Black "Vasconcellos, Renato Fialho"]
[Result "0-1"]
[WhiteElo "2165"]
[BlackElo "2054"]
[PlyCount "100"]
[EventDate "2011.11.08"]

1. d4 d5 2. Bf4 c6 3. e3 Nf6 4. Nf3 Bf5 5. c4 a6 6. Qb3 Ra7 7. Nc3 e6 8. h3 Be7
9. Be2 h6 10. c5 Nbd7 11. a4 O-O 12. a5 Be4 13. Nxe4 Nxe4 14. Bd3 f5 15. Qc2
Bf6 16. b4 Ra8 17. Ne5 Bxe5 18. dxe5 Ng5 19. Bg3 Qe7 20. Bh4 Nf3+ 21. gxf3 Qxh4
22. f4 Kh8 23. O-O-O Rg8 24. Rdg1 g5 25. fxg5 Qxb4 26. f4 Qa3+ 27. Kd1 Nxc5 28.
Ke2 Nxd3 29. Qxd3 Qxa5 30. Qd1 Qb5+ 31. Kf2 Qb2+ 32. Kf1 Rg6 33. Rg2 Qc3 34.
Qh5 Rag8 35. Re2 Qd3 36. Kf2 c5 37. Rb2 b5 38. Rd1 Qe4 39. h4 d4 40. Qf3 dxe3+
41. Qxe3 Qa4 42. Rd6 Rc8 43. h5 Rg7 44. Rxe6 hxg5 45. h6 Rd7 46. fxg5 Qh4+ 47.
Kg2 f4 48. Qh3 Qxg5+ 49. Kh2 Rg8 50. Rg2 Rd2 0-1

[Event "AXL Abertura da Época 2011/2012"]
[Site "?"]
[Date "2011.11.22"]
[Round "6.5"]
[White "Fernandes, Alberto"]
[Black "Rego, Pedro Filipe"]
[Result "1-0"]
[WhiteElo "2156"]
[BlackElo "2143"]
[PlyCount "127"]
[EventDate "2011.11.08"]

1. b3 e5 2. Bb2 Nc6 3. e3 Bd6 4. e4 Nf6 5. Nc3 O-O 6. Nf3 Bb4 7. Nd5 Nxe4 8.
Nxb4 Nxb4 9. Bxe5 Ng5 10. Nxg5 Qxg5 11. Bd4 Re8+ 12. Be3 d5 13. c3 d4 14. cxb4
dxe3 15. dxe3 Bg4 16. Qd4 Rad8 17. h4 Qf5 18. Qc3 Qd5 19. f3 Bxf3 20. gxf3 Qxf3
21. Rh3 Qg4 22. Kf2 Rd6 23. Rg3 Qf5+ 24. Rf3 Qh5 25. Rf4 Red8 26. Re1 Rf6 27.
Kg3 Rg6+ 28. Kh3 Qd5 29. e4 Qe6+ 30. Rf5 Kh8 31. Bc4 Qd7 32. Bxf7 Rf6 33. Bc4
Rxf5 34. exf5 Qxf5+ 35. Kg3 Qg6+ 36. Kh3 h5 37. Qf3 Re8 38. Rg1 Qh6 39. Rg5 g6
40. Qf6+ Qg7 41. Rxg6 Re3+ 42. Kg2 Qxf6 43. Rxf6 Re4 44. Rh6+ Kg7 45. Rxh5 c6
46. Rh7+ Kf6 47. Rf7+ Ke5 48. Re7+ Kd4 49. Rxe4+ Kc3 50. h5 Kb2 51. a4 Ka3 52.
h6 a5 53. h7 b5 54. h8=Q c5 55. Bxb5 c4 56. Bxc4 Kxb4 57. Qf8+ Kc3 58. Qf6+ Kb4
59. Qb6+ Ka3 60. b4 axb4 61. Re3+ Kb2 62. Qxb4+ Kc2 63. Re2+ Kc1 64. Qe1# 1-0

[Event "AXL Abertura da Época 2011/2012"]
[Site "?"]
[Date "2011.11.25"]
[Round "7.1"]
[White "Rego, Pedro Filipe"]
[Black "Curado, Manuel Joao Ferro"]
[Result "1-0"]
[WhiteElo "2143"]
[BlackElo "1907"]
[PlyCount "99"]
[EventDate "2011.11.08"]

1. b3 Nf6 2. Bb2 e6 3. f4 b6 4. Nf3 Bb7 5. e3 Be7 6. Bd3 Na6 7. O-O Nc5 8. Be2
a5 9. d3 d5 10. Ne5 O-O 11. Nd2 a4 12. Ndf3 Nfd7 13. Nxd7 Nxd7 14. c4 Bc5 15.
d4 Be7 16. Qc2 Nf6 17. Rac1 axb3 18. axb3 Bb4 19. c5 Qe7 20. c6 Ba6 21. Ra1
Bxe2 22. Qxe2 Ne4 23. Qc2 f6 24. Rfd1 g5 25. fxg5 fxg5 26. Rxa8 Rxa8 27. Rf1
Rf8 28. Qe2 Bd6 29. Nd2 Rxf1+ 30. Nxf1 Qe8 31. Qc2 Qh5 32. Bc3 Nxc3 33. Qxc3
Qd1 34. g3 Kg7 35. Kf2 g4 36. Qd2 Qxb3 37. Qe2 h5 38. h3 Qc4 39. Qxc4 dxc4 40.
hxg4 hxg4 41. e4 c3 42. Ke2 b5 43. e5 Be7 44. Kd3 b4 45. Ne3 Bg5 46. Nxg4 Kg6
47. Nf2 Kf5 48. Ne4 Bd8 49. Nc5 Kg4 50. Nxe6 1-0

[Event "AXL Abertura da Época 2011/2012"]
[Site "?"]
[Date "2011.11.25"]
[Round "7.2"]
[White "Vasconcellos, Renato Fialho"]
[Black "Fernandes, Alberto"]
[Result "1-0"]
[WhiteElo "2054"]
[BlackElo "2156"]
[PlyCount "99"]
[EventDate "2011.11.08"]

1. c4 e5 2. g3 Nf6 3. Bg2 d5 4. cxd5 Nxd5 5. Nf3 Nc6 6. O-O Nb6 7. b3 Be7 8.
Bb2 f6 9. d3 O-O 10. Nc3 Be6 11. Rc1 a5 12. Nd2 f5 13. Nc4 Nd5 14. a3 Bf6 15.
e3 Nxc3 16. Bxc3 Bd5 17. Qc2 Rf7 18. Bxd5 Qxd5 19. e4 fxe4 20. dxe4 Qc5 21. Qb2
Rd8 22. Rcd1 Rfd7 23. Rxd7 Rxd7 24. Ne3 Nd4 25. Bxd4 Rxd4 26. Rc1 Qd6 27. Nf5
Rd1+ 28. Kg2 Qd3 29. Rxd1 Qxd1 30. Qc3 Qe2 31. Ne3 a4 32. bxa4 Qa6 33. Qb3+ Kf8
34. Qb5 Qa7 35. Qd7 c6 36. Qf5 Qxa4 37. g4 h6 38. h4 Ke8 39. g5 hxg5 40. hxg5
Be7 41. Qxe5 Qxa3 42. Qxg7 Qd3 43. Qe5 Qd6 44. Qf5 b5 45. e5 Qd7 46. e6 Qd4 47.
Qf7+ Kd8 48. Qxe7+ Kxe7 49. Nf5+ Kxe6 50. Nxd4+ 1-0

[Event "AXL Abertura da Época 2011/2012"]
[Site "?"]
[Date "2011.11.25"]
[Round "7.3"]
[White "Morais, Vitor"]
[Black "Rodrigues, Afonso"]
[Result "0-1"]
[WhiteElo "2024"]
[BlackElo "2165"]
[PlyCount "70"]
[EventDate "2011.11.08"]

1. e4 e6 2. d4 d5 3. Nc3 Bb4 4. e5 c5 5. a3 cxd4 6. axb4 dxc3 7. bxc3 Qc7 8.
Qd4 Nc6 9. Bb5 Nge7 10. f4 O-O 11. Qd2 Bd7 12. Bd3 f6 13. exf6 Rxf6 14. Nf3
Raf8 15. O-O a6 16. Qe1 Ng6 17. Bxg6 Rxg6 18. Bd2 Rgf6 19. Qe2 Ne7 20. Rfe1 Nf5
21. Qe5 Qb6+ 22. Kh1 Qf2 23. Re2 Ng3+ 24. hxg3 Rh6+ 25. Nh4 Qxg3 26. Qg5 Rxh4+
27. Kg1 Qh2+ 28. Kf2 h6 29. Qe5 Rg4 30. Rae1 Rc8 31. Rg1 Qg3+ 32. Kf1 Rc4 33.
Rf2 Bb5 34. Qxe6+ Kh8 35. Qxd5 Rcxf4+ 0-1

[Event "AXL Abertura da Época 2011/2012"]
[Site "?"]
[Date "2011.11.25"]
[Round "7.4"]
[White "Nanques, Helder Manuel Pereir"]
[Black "Diogo, Vasco"]
[Result "0-1"]
[WhiteElo "1967"]
[BlackElo "2292"]
[PlyCount "70"]
[EventDate "2011.11.08"]

1. e3 e5 2. d4 exd4 3. exd4 d5 4. Bd3 Bd6 5. Nf3 Bg4 6. Qe2+ Ne7 7. O-O c6 8.
c3 Nd7 9. h3 Bh5 10. Bg5 f6 11. Be3 Qc7 12. Nbd2 O-O-O 13. b4 Rde8 14. Rfb1 f5
15. Bg5 Ng6 16. Qf1 h6 17. Bh4 Nf4 18. Bg3 g5 19. Bxf4 Bxf4 20. Bxf5 Bxd2 21.
Nxd2 Be2 22. Qe1 Qf4 23. Bg6 Re6 24. Nf3 Qf6 25. Bh5 Bxf3 26. Bxf3 Rxe1+ 27.
Rxe1 h5 28. b5 Qf4 29. Re3 g4 30. bxc6 bxc6 31. Be2 Rf8 32. Ba6+ Kd8 33. Rf1
Nf6 34. Rb1 Ne4 35. Rb8+ Qxb8 0-1

[Event "AXL Abertura da Época 2011/2012"]
[Site "?"]
[Date "2011.11.25"]
[Round "7.5"]
[White "Silva, Miguel Antonio Neto"]
[Black "Aguiar, Carlos Alberto Branc"]
[Result "1/2-1/2"]
[WhiteElo "1922"]
[BlackElo "1910"]
[PlyCount "49"]
[EventDate "2011.11.08"]

1. d4 c5 2. dxc5 e6 3. Nf3 Bxc5 4. c4 Nc6 5. Nc3 Nf6 6. a3 O-O 7. b4 Be7 8. e4
d6 9. Be2 Nd7 10. Bf4 Bf6 11. Rc1 Nde5 12. Nxe5 dxe5 13. Be3 Nd4 14. O-O b6 15.
Bd3 Bb7 16. f4 exf4 17. Bxf4 Bg5 18. Bb1 Bxf4 19. Rxf4 e5 20. Rf1 Qh4 21. Qe1
Qxe1 22. Rfxe1 Rac8 23. Nd5 Rfe8 24. Ba2 Kf8 25. Kf2 $11 1/2-1/2

[Event "AXL Abertura da Época 2011/2012"]
[Site "?"]
[Date "2011.11.29"]
[Round "8.1"]
[White "Curado, Manuel Joao Ferro"]
[Black "Aguiar, Carlos Alberto Branc"]
[Result "1-0"]
[WhiteElo "1907"]
[BlackElo "1910"]
[PlyCount "47"]
[EventDate "2011.11.08"]

1. b4 e5 2. Bb2 d6 3. e3 Nf6 4. Be2 Be7 5. c4 O-O 6. Nc3 Be6 7. Nf3 h6 8. Qc2
a5 9. b5 Nbd7 10. d4 exd4 11. Nxd4 Ne5 12. Nxe6 fxe6 13. h3 Nfd7 14. O-O Nc5
15. Ne4 Ned7 16. f4 Nxe4 17. Qxe4 Nc5 18. Qc2 Bf6 19. Bd4 b6 20. Rad1 Bxd4 21.
exd4 Nd7 22. Bg4 Qf6 23. Qe4 Qe7 24. Qxe6+ 1-0

[Event "AXL Abertura da Época 2011/2012"]
[Site "?"]
[Date "2011.11.29"]
[Round "8.2"]
[White "Diogo, Vasco"]
[Black "Silva, Miguel Antonio Neto"]
[Result "1-0"]
[WhiteElo "2292"]
[BlackElo "1922"]
[PlyCount "57"]
[EventDate "2011.11.08"]

1. e4 c5 2. Nf3 Nc6 3. d4 cxd4 4. Nxd4 g6 5. c4 Bg7 6. Be3 Nf6 7. Nc3 d6 8. Be2
O-O 9. O-O Bd7 10. Nc2 a5 11. f4 Nb4 12. Nd4 a4 13. a3 Na6 14. e5 Ne8 15. Nf3
Nc5 16. Qe1 Bc6 17. Qf2 Qa5 18. Rad1 b6 19. Nd4 Bd7 20. Nd5 e6 21. Ne7+ Kh8 22.
Ndc6 Bxc6 23. Nxc6 Qa6 24. Nb4 Qa7 25. Bf3 dxe5 26. Bxa8 Qxa8 27. fxe5 Bxe5 28.
Bxc5 bxc5 29. Qxc5 1-0

[Event "AXL Abertura da Época 2011/2012"]
[Site "?"]
[Date "2011.11.29"]
[Round "8.3"]
[White "Rodrigues, Afonso"]
[Black "Nanques, Helder Manuel Pereir"]
[Result "0-1"]
[WhiteElo "2165"]
[BlackElo "1967"]
[PlyCount "48"]
[EventDate "2011.11.08"]

1. d4 Nf6 2. Nf3 e6 3. Bf4 b6 4. e3 Be7 5. Bd3 O-O 6. Nbd2 Bb7 7. c3 d6 8. Qc2
c5 9. g4 cxd4 10. exd4 Kh8 11. Rg1 Nbd7 12. Rg3 Nd5 13. Be3 Nxe3 14. fxe3 Bh4
15. Nxh4 Qxh4 16. Ne4 Bxe4 17. Bxe4 d5 18. Bd3 Nf6 19. O-O-O Nxg4 20. Rdg1 f5
21. h3 Nf6 22. Rxg7 Rg8 23. Qg2 Qh6 24. Qg5 Qxg7 0-1

[Event "AXL Abertura da Época 2011/2012"]
[Site "?"]
[Date "2011.11.29"]
[Round "8.4"]
[White "Fernandes, Alberto"]
[Black "Morais, Vitor"]
[Result "1-0"]
[WhiteElo "2156"]
[BlackElo "2024"]
[PlyCount "59"]
[EventDate "2011.11.08"]

1. d4 Nf6 2. Nf3 e6 3. c4 b6 4. Nc3 Bb4 5. Bg5 Bb7 6. Nd2 Bxc3 7. bxc3 d5 8. f3
h6 9. Bh4 Nbd7 10. Qc2 Qe7 11. e4 g5 12. Bg3 O-O-O 13. a4 dxe4 14. fxe4 e5 15.
Bd3 Ng4 16. Nb3 f5 17. Qe2 exd4 18. cxd4 fxe4 19. O-O h5 20. c5 Rde8 21. Ba6
Qe6 22. c6 Bxa6 23. Qxa6+ Kd8 24. cxd7 Qxd7 25. Qxa7 h4 26. Qa8+ Qc8 27. Qd5+
Qd7 28. Bxc7+ Kxc7 29. Rf7 Re7 30. Rc1+ 1-0

[Event "AXL Abertura da Época 2011/2012"]
[Site "?"]
[Date "2011.11.29"]
[Round "8.5"]
[White "Rego, Pedro Filipe"]
[Black "Vasconcellos, Renato Fialho"]
[Result "1/2-1/2"]
[WhiteElo "2143"]
[BlackElo "2054"]
[PlyCount "212"]
[EventDate "2011.11.08"]

1. d4 d5 2. c4 c6 3. Nf3 Nf6 4. e3 a6 5. Bd3 dxc4 6. Bxc4 e6 7. O-O Be7 8. Nbd2
b5 9. Be2 O-O 10. b3 Bb7 11. Bb2 c5 12. Rc1 Nbd7 13. Ne5 Nxe5 14. dxe5 Ne4 15.
Nxe4 Bxe4 16. f3 Bd5 17. e4 Bc6 18. Qc2 Qb6 19. Kh1 Rfd8 20. Rcd1 Rac8 21. f4
Qb7 22. Bf3 b4 23. f5 Rxd1 24. Qxd1 Rd8 25. Qe1 Bb5 26. Rf2 c4 27. bxc4 Bxc4
28. f6 Bf8 29. Bc1 g6 30. Bf4 Qb5 31. Rd2 Rxd2 32. Qxd2 Bxa2 33. h3 Bc4 34. Bh6
Qc5 35. Bxf8 Qxf8 36. Qd4 Qc8 37. Bd1 h6 38. Qd2 Kh7 39. Qxb4 Bb5 40. Qe7 Qe8
41. Qd6 Qa8 42. Qe7 Qe8 43. Be2 Qxe7 44. fxe7 Be8 45. Bxa6 Kg7 46. Bc8 f6 47.
exf6+ Kxf6 48. Kh2 e5 49. Kg3 Kxe7 50. Bb7 Kf6 51. Kf3 Ba4 52. g3 Bd7 53. h4
Ba4 54. Ke3 g5 55. Bc8 Bc2 56. Bf5 Bb3 57. Kd3 Ba2 58. Kc3 gxh4 59. gxh4 Bf7
60. Kb4 Bh5 61. Kc5 Bf7 62. Kd6 Bh5 63. Kd7 Bf7 64. Kd6 Bh5 65. Kd7 Bf7 66. Bg4
Bg6 67. Bf3 Bf7 68. Kd8 Bg6 69. Kd7 Bf7 70. Be2 Bg6 71. Bf3 Bf7 72. Bd1 Bg6 73.
Bc2 Bf7 74. Bd3 Bg6 75. Kd6 Bf7 76. Be2 Bg6 77. Bf3 Bf7 78. Kd7 Bg6 79. Kd8 Bf7
80. Kc7 Bg6 81. Kd7 Bf7 82. Kd6 Bg6 83. h5 Bf7 84. Bg4 Ba2 85. Bf5 Bb3 86. Bg6
Ba2 87. Bf5 Bc4 88. Bg6 Be2 89. Be8 Bd1 90. Bg6 Bf3 91. Kd5 Bd1 92. Kd6 Bf3 93.
Kd5 Bd1 94. Kd6 Bf3 95. Kd5 Bd1 96. Be8 Bb3+ 97. Kd6 Bc2 98. Bg6 Bd1 99. Kd5
Bb3+ 100. Kd6 Bd1 101. Kd5 Bb3+ 102. Kd6 Bd1 103. Kd5 Bb3+ 104. Kd6 Bd1 105.
Kd5 Bb3+ 106. Kd6 Bd1 1/2-1/2